000 00494nam a2200169Ia 4500
999 _c15995
_d15995
003 OSt
005 20200606115841.0
008 190216s9999||||xx |||||||||||||| ||und||
040 _cMESKC library
082 _a891.431
_bVAS/H
100 _aVashishta, Suresh
_9353
245 0 _aHithopadesh Ki Kahaniyan /
_cSuresh Vashishta
260 _bJevan Jyothi Prakashan,
_aDelhi:
_c1999.
300 _a55p
650 _aHindi
942 _cBK
_2ddc
_h891.431
_iVAS/H
_k891.431
_mVAS/H